000 00608nam a2200181Ia 4500
008 090124s9999 xx 000 0 und d
082 _b14584
_a1789
100 _aकालेलकर मधुसूदन
245 _a दिवा जळू दे सारी रात
250 _a1
260 _c1965
300 _a106
600 _aकालेलकर मधुसूदन
630 _a दिवा जळू दे सारी रात
700 _aकालेलकर मधुसूदन
730 _a दिवा जळू दे सारी रात
942 _cBOOK
999 _c128524
_d128524